[Event "AUTO-OPEN-4546"]
[Site "http://www.queenalice.com/game.php?id=1842907"]
[Date "2024.9.2"]
[Round "1"]
[White "tucuman10"]
[Black "xadreco5"]
[Result "0-1"]
[WhiteElo "2244"]
[BlackElo "2425"]

1. d4 d5 2. c4 c6 3. e3 Nf6 4. Nc3 e6 5. Nf3 Bb4 6. Bd2 O-O 7. a3 Be7 8. Be2
Nbd7 9. O-O Re8 10. h3 Qc7 11. b4 e5 12. c5 b6 13. Qc2 e4 14. Nh2 bxc5 15. bxc5
a5 16. Na4 Bd8 17. Rab1 Ra7 18. Nb6 Ba6 19. Bxa6 Rxa6 20. Nxd7 Qxd7 21. Rb2 Bc7
22. Bc3 Ra7 23. a4 h5 24. Rfb1 g5 25. Nf1 h4 26. Be1 Kg7 27. Nh2 Rh8 28. Qe2
Bxh2+ 29. Kxh2 g4 30. hxg4 Nxg4+ 31. Kg1 Qe6 32. f3 Nf6 33. Rb8 Rh6 34. R1b2 h3
35. Bg3 Rg6 36. Be5 hxg2 37. fxe4 Qh3 38. Qxg2 Qxe3+ 39. Rf2 Rxg2+ 40. Kxg2
Qxe4+ 41. Kg1 Qe1+ 42. Kg2 Qe4+ 43. Kg1 Qg6+ 44. Rg2 Re7 45. Rb3 Re6 46. Rh3
Qxg2+ 47. Kxg2 Kg6 48. Rg3+ Kh6 49. Rf3 Ng4 50. Bc7 Kg6 51. Bxa5 Re2+ 52. Kg3
Nh6 53. Bb6 Nf5+ 54. Kg4 Nxd4 55. Rg3 Ra2 0-1

[Event "AUTO-OPEN-4546"]
[Site "http://www.queenalice.com/game.php?id=1842908"]
[Date "2024.9.2"]
[Round "1"]
[White "xadreco5"]
[Black "tucuman10"]
[Result "1-0"]
[WhiteElo "2421"]
[BlackElo "2229"]

1. d4 e6 2. c4 d5 3. Nc3 c5 4. cxd5 exd5 5. e3 Nc6 6. Nf3 Nf6 7. Bb5 Bd7 8. O-O
a6 9. Be2 Bd6 10. Re1 O-O 11. dxc5 Bxc5 12. Nxd5 Nxd5 13. Qxd5 Be7 14. Rd1 Be6
15. Qxd8 Raxd8 16. Bd2 h6 17. a3 Bf6 18. a4 Bxb2 19. Rab1 Ba3 20. Rxb7 a5 21.
Ra1 Bd6 22. Rc1 Bd5 23. Rb5 Be4 24. Rc4 Rfe8 25. Bxa5 Nxa5 26. Rxa5 Rc8 27. Nd2
Bg6 28. Rd5 Rcd8 29. Rcd4 Bc7 30. Rxd8 Rxd8 31. Rxd8+ Bxd8 32. Nc4 Bc2 33. a5
Bb3 34. a6 Bxc4 35. Bxc4 Bb6 36. Kf1 Kf8 37. Ke2 Ke7 38. Kf3 f6 39. g4 Kd7 40.
Bd5 Kd6 41. Kf4 Bc5 42. Bc4 Ke7 43. Kf5 Bb6 44. h4 Bc5 45. g5 hxg5 46. hxg5 fxg5
47. Kg6 Kf8 48. Kxg5 1-0

[Event "AUTO-OPEN-4546"]
[Site "http://www.queenalice.com/game.php?id=1842939"]
[Date "2024.9.2"]
[Round "1"]
[White "xadreco5"]
[Black "azad_m"]
[Result "1-0"]
[WhiteElo "2417"]
[BlackElo "1314"]

1. e4 e5 2. Nf3 Nc6 3. d4 exd4 4. Ng5 Nf6 5. Bc4 d5 6. exd5 Nxd5 7. Nxf7 Qe7+ 8.
Qe2 Qxe2+ 9. Kxe2 Kxf7 10. Bxd5+ Ke8 11. Re1 Be7 12. Kf1 Bf5 13. Bxc6+ bxc6 14.
Bg5 Kf7 15. Rxe7+ Kg6 16. f4 Bxc2 17. Re6+ Kh5 18. h3 Bf5 19. g4+ Bxg4 20. hxg4+
Kxg4 21. Rxc6 h6 22. Be7 Kxf4 23. Rxc7 Rhe8 24. Nd2 Ke3 25. Nc4+ 1-0

[Event "AUTO-OPEN-4546"]
[Site "http://www.queenalice.com/game.php?id=1842940"]
[Date "2024.9.2"]
[Round "1"]
[White "azad_m"]
[Black "xadreco5"]
[Result "0-1"]
[WhiteElo "1352"]
[BlackElo "2418"]

1. e4 e5 2. Nf3 Nc6 3. Nc3 d6 4. Bc4 Nf6 5. O-O Be7 6. d4 Bg4 7. dxe5 dxe5 8.
Qxd8+ Rxd8 9. Ng5 Bh5 10. Nb5 Rd7 11. Be3 a6 12. Nc3 b5 13. Bb3 Nd4 14. Rad1 c5
15. Bxf7+ Bxf7 16. Rd2 Bc4 17. Re1 h6 18. Nf3 Nxf3+ 19. gxf3 Rxd2 20. Bxd2 Kf7
21. b3 Be6 22. Nd5 Nxd5 23. exd5 Bxd5 24. Rxe5 Rd8 25. Ba5 Rd7 26. Kg2 Bd8 27.
Bc3 b4 28. Bb2 Bf6 0-1

[Event "AUTO-OPEN-4546"]
[Site "http://www.queenalice.com/game.php?id=1846804"]
[Date "2024.11.7"]
[Round "2"]
[White "xadreco5"]
[Black "Canaye14"]
[Result "1-0"]
[WhiteElo "2430"]
[BlackElo "1892"]

1. d4 e6 2. c4 d5 3. Nf3 c5 4. cxd5 exd5 5. e3 Nc6 6. Bb5 Nf6 7. O-O Qb6 8.
Bxc6+ bxc6 9. Nc3 Ba6 10. Re1 Be7 11. Na4 Qb5 12. Nxc5 Bxc5 13. dxc5 O-O 14. b3
Qxc5 15. Bb2 Qd6 16. Rc1 Rac8 17. Be5 Qd8 18. Qd4 Re8 19. Bxf6 Qxf6 20. Qxf6
gxf6 21. Rc5 Re6 22. Rec1 Kg7 23. Nd4 Rd6 24. Nf5+ 1-0

[Event "AUTO-OPEN-4546"]
[Site "http://www.queenalice.com/game.php?id=1846805"]
[Date "2024.11.7"]
[Round "2"]
[White "Canaye14"]
[Black "xadreco5"]
[Result "0-1"]
[WhiteElo "1886"]
[BlackElo "2431"]

1. d4 d5 2. Nf3 Nf6 3. h3 e6 4. Bf4 Bd6 5. Ne5 Nc6 6. e3 O-O 7. a3 Bxe5 8. Bxe5
Nxe5 9. dxe5 Nd7 10. f4 Qh4+ 11. Kd2 f6 12. Qg4 Qf2+ 13. Qe2 Qxe2+ 14. Bxe2 fxe5
15. Rf1 b6 16. Nc3 c6 17. Rad1 Bb7 18. Kc1 Rf7 19. g4 exf4 20. e4 Ne5 21. exd5
exd5 22. b4 Raf8 23. Rde1 g5 24. a4 Re7 25. a5 bxa5 26. bxa5 Bc8 27. Na4 f3 28.
Bd1 Ba6 29. Rf2 Nd3+ 30. cxd3 Rxe1 0-1

[Event "AUTO-OPEN-4546"]
[Site "http://www.queenalice.com/game.php?id=1847703"]
[Date "2024.11.24"]
[Round "3"]
[White "xadreco5"]
[Black "Scharlatan"]
[Result "1-0"]
[WhiteElo "2442"]
[BlackElo "2055"]

1. d4 Nf6 2. c4 g6 3. Nc3 Bg7 4. Nf3 O-O 5. e4 d6 6. Be3 e5 7. d5 a5 8. a4 Na6
9. h4 Bg4 10. Be2 Nc5 11. Bxc5 Bxf3 12. Bxf3 dxc5 13. h5 c6 14. Qd2 Qe7 15. h6
Bh8 16. O-O-O Rad8 17. g3 Nd7 18. Bg4 Bf6 19. d6 Qe8 20. Qe3 Nb8 21. Kb1 1-0

[Event "AUTO-OPEN-4546"]
[Site "http://www.queenalice.com/game.php?id=1847704"]
[Date "2024.11.24"]
[Round "3"]
[White "Scharlatan"]
[Black "xadreco5"]
[Result "0-1"]
[WhiteElo "2160"]
[BlackElo "2440"]

1. e4 e5 2. Nf3 Nc6 3. d4 exd4 4. Bc4 Bb4+ 5. c3 dxc3 6. O-O Nf6 7. e5 d5 8.
exf6 dxc4 9. fxg7 Rg8 10. Qxd8+ Nxd8 11. Re1+ Ne6 12. Nxc3 Rxg7 13. Bg5 b6 14.
Rad1 Bb7 15. Bf4 Bxf3 0-1

[Event "AUTO-OPEN-4546"]
[Site "http://www.queenalice.com/game.php?id=1847705"]
[Date "2024.11.24"]
[Round "3"]
[White "xadreco5"]
[Black "josebaron"]
[Result "1-0"]
[WhiteElo "2433"]
[BlackElo "2214"]

1. d4 d5 2. c4 dxc4 3. e4 e5 4. d5 Bb4+ 5. Bd2 Bxd2+ 6. Nxd2 Nf6 7. Bxc4 O-O 8.
Ngf3 Bg4 9. O-O c6 10. h3 Bxf3 11. Nxf3 Nxe4 12. Nxe5 Nd6 13. Bb3 c5 14. Rc1 b6
15. Qg4 Re8 16. Rce1 b5 17. Nc6 c4 18. Nxd8 1-0

[Event "AUTO-OPEN-4546"]
[Site "http://www.queenalice.com/game.php?id=1847706"]
[Date "2024.11.24"]
[Round "3"]
[White "josebaron"]
[Black "xadreco5"]
[Result "0-1"]
[WhiteElo "2212"]
[BlackElo "2437"]

1. e4 e5 2. Nf3 Nc6 3. Bb5 a6 4. Bxc6 dxc6 5. O-O Bg4 6. h3 h5 7. d3 Qf6 8. Nbd2
Ne7 9. Qe1 Ng6 10. Nh2 Nf4 11. Ndf3 Bxf3 12. Nxf3 Nxh3+ 13. gxh3 Qxf3 14. Kh2
Qf6 15. f4 exf4 16. Bxf4 Qxb2 17. Rb1 Qxc2+ 18. Rf2 Qxd3 19. Rxb7 Bc5 20. Rd2
Qf3 21. Bxc7 O-O 22. Be5 Be3 23. Re2 Bf4+ 24. Bxf4 Qxf4+ 25. Qg3 Qh6 26. Qe3
Qxe3 27. Rxe3 Rab8 28. Rc7 Rb2+ 29. Kg3 Rxa2 30. Rxc6 Re8 31. Rcc3 Re5 32. Kf4
f6 33. Red3 Re2 34. Rc4 Re1 35. Ra3 a5 36. Kf3 Kh7 37. Rd4 Rf1+ 38. Kg2 Rf4 39.
Re3 h4 40. Ra4 f5 41. exf5 Rexf5 42. Ra2 a4 43. Rea3 Ra5 44. Rb2 Rg5+ 45. Kh1
Rd5 46. Kh2 Rdd4 47. Rg2 Rb4 0-1

[Event "AUTO-OPEN-4646"]
[Site "http://www.queenalice.com/game.php?id=1871418"]
[Date "2026.4.4"]
[Round "1"]
[White "xadreco5"]
[Black "maurice916"]
[Result "1-0"]
[WhiteElo "2436"]
[BlackElo "1903"]

1. d4 d6 2. c4 e5 3. d5 f5 4. Nc3 Nf6 5. Bg5 Be7 6. Nf3 a6 7. e3 c5 8. Be2 O-O
9. Qc2 Bd7 10. O-O Qe8 11. Rad1 e4 12. Nd2 Qg6 13. f4 h6 14. Bh4 Re8 15. Rb1 Rd8
16. b4 cxb4 17. Rxb4 b5 18. cxb5 axb5 19. Bxf6 Bxf6 20. Nxb5 Bxb5 21. Rxb5 Nd7
22. a4 Nc5 23. a5 Qe8 24. Rfb1 Be7 25. Nc4 Bf6 26. Nxd6 Rxd6 27. Rxc5 Kh7 28. a6
Ra7 29. Rc6 Rxd5 30. Rb7 Rd7 31. Rcc7 Rxc7 32. Qxc7 Ra8 33. a7 Qa4 34. Qc5 Kg6
35. Bh5+ Kxh5 36. Qxf5+ g5 37. Qh3+ Kg6 38. f5# 1-0

[Event "AUTO-OPEN-4646"]
[Site "http://www.queenalice.com/game.php?id=1871419"]
[Date "2026.4.4"]
[Round "1"]
[White "maurice916"]
[Black "xadreco5"]
[Result "0-1"]
[WhiteElo "1903"]
[BlackElo "2437"]

1. Nf3 d5 2. b3 Nc6 3. Bb2 e6 4. e3 Nf6 5. Bb5 Bd7 6. O-O Bd6 7. d4 O-O 8. Nbd2
a6 9. Be2 Re8 10. Ne5 b5 11. Nxd7 Qxd7 12. a4 b4 13. c4 a5 14. c5 Be7 15. f4 Nd8
16. Nf3 c6 17. Ne5 Qb7 18. Bf3 Nd7 19. g4 Nxe5 20. fxe5 f6 21. exf6 Bxf6 22. Rb1
Bh4 23. Bc1 Nf7 24. e4 Ng5 25. Bg2 Nxe4 26. Bxe4 dxe4 27. Bf4 Qd7 28. Be5 Qd5
29. Qd2 Rad8 30. Qe3 h6 31. Qh3 Bg5 32. Qg2 Be3+ 33. Kh1 Bxd4 34. Bg3 Rf8 35.
Rfd1 Rf3 36. Bd6 Rf2 37. Qg3 e3+ 38. Kg1 Rd2 39. Rxd2 exd2+ 40. Kf1 Qh1+ 41. Ke2
Qxb1 0-1